|
|
|
|
| LEADER |
00000nam a2200000 i 4500 |
| 001 |
DIGUCAUCA0141 |
| 003 |
NyNyDIG |
| 006 |
m o d |
| 007 |
cr ||||||||||| |
| 008 |
231008s2022 ck a o 000 0 spa d |
| 035 |
|
|
|a (OCoLC)1402839130
|
| 040 |
|
|
|a DGITA
|b eng
|e rda
|e pn
|c DGITA
|
| 020 |
|
|
|a 9789587325621
|q digital
|
| 020 |
|
|
|z 9789587325614
|q impreso
|
| 043 |
|
|
|a n-us---
|
| 050 |
1 |
4 |
|a PE2801 ebook
|
| 100 |
1 |
|
|a Jurado Soto, Edgar William,
|e author.
|
| 245 |
1 |
0 |
|a Expresiones del inglés americano :
|b inglés-español/español-inglés /
|c Edgar William Jurado Soto.
|
| 250 |
|
|
|a Primera edición en español.
|
| 264 |
|
1 |
|a Popayán, Colombia :
|b Editorial Universidad del Cauca,
|c 2022.
|
| 300 |
|
|
|a 1 online resource :
|b illustrations.
|
| 336 |
|
|
|a text
|b txt
|2 rdacontent
|
| 337 |
|
|
|a computer file
|b c
|2 rdamedia
|
| 338 |
|
|
|a online resource
|b cr
|2 rdacarrier
|
| 347 |
|
|
|a text file
|2 rdaft
|
| 347 |
|
|
|b PDF
|
| 588 |
0 |
|
|a Online resource; title from PDF title page (Digitalia, viewed October 8, 2023)
|
| 650 |
|
0 |
|a English language
|z United States
|x Euphemism
|x Spanish.
|
| 650 |
|
0 |
|a Languages, Modern
|x Study and teaching.
|
| 776 |
0 |
8 |
|i Print version:
|a Jurado Soto, Edgar William.
|t Expresiones del inglés americano.
|b Primera edición en español.
|d Popayán, Colombia : Editorial Universidad del Cauca, 2022
|z 9789587325614
|
| 791 |
2 |
|
|a Digitalia (Firm),
|e distributor.
|
| 793 |
0 |
|
|g Digitalia eBook Collection:
|a Universidad del Cauca
|
| 856 |
4 |
0 |
|3 Digitalia Hispánica
|u https://www.digitaliapublishing.com/a/129856/
|
| 910 |
|
|
|a Premium collection: 2023
|